• 首页
  • 本馆介绍
  • 公告通知
  • 最新文献
  • 馆藏检索
  • 电子资源
  • 读者导购
  • 参考咨询
  • 我的图书馆
  • 登录
  • 详细信息显示
  • 放入我的书架
  • 预约/预借图书
  • 作者相关作品
  • 分类相关作品
  • 丛书相关作品
  • 出版社相关作品

书目信息

  • 表格格式
  • 工作单格式
  • 卡片格式
题名:
巴国布衣烹饪经典
    
 
作者: 何农 , 何农 主编
分册:  
出版信息:   蜀蓉棋艺出版社  2003.01
页数: 118页
开本: 20cm
丛书名:
单 册:
中图分类: TS972.182.71
科图分类:
主题词: 莱普--四川省 , 莱普
电子资源:
ISBN: 7-80548-8304
000 00773nam0 2200253 450
001 0102396491
005 20060918085450.71
010    @a7-80548-8304@dCNY25.00
100    @a20030410d2003 m y0chiy0121 ea
101 0  @achi
105    @ay z 000yy
200 1  @a巴国布衣烹饪经典@Aba guo bu yi peng ren jing dian@f何农主编@Fhe nong zhu bian
210    @c蜀蓉棋艺出版社@d2003.01
215    @a118页@d20cm
300    @a2002年新菜精华
330    @a本书是《巴国布衣烹饪经典》的续集,该书收集了巴国布衣风味酒楼2002年度内创新菜品115款。
606 0  @a莱普@Y四川省
606 0  @a莱普
690    @aTS972.182.71@v4
701  0 @a何农@4主编@9he nong
701  0 @a何农@Ahe nong@4主编
801    @acn@bbwkj@c20060918
905    @aBZT@dTS972.182.71@e2
906    @dCNY25.00@n0@r1
    
    巴国布衣烹饪经典/何农主编.-蜀蓉棋艺出版社,2003.01
    118页;20cm
    2002年新菜精华
    
    ISBN 7-80548-8304:CNY25.00
    本书是《巴国布衣烹饪经典》的续集,该书收集了巴国布衣风味酒楼2002年度内创新菜品115款。
●
相关链接 在五车中查询图书 在当当中查询图书 在豆瓣中查询图书


正题名:巴国布衣烹饪经典     索取号:TS972.182.71/2         预约/预借

序号 登录号 条形码 馆藏地/架位号 状态 备注
1 459363   230063364   中心书库中库/ 中库024架A面6列3层35/ [索取号:TS972.182.71/2] 在馆    
2 459364   230063365   中心书库中库/ 中库024架A面6列3层33/ [索取号:TS972.182.71/2] 在馆    
3 459365   230063366   中心书库中库/ 中库023架B面3列4层47/ [索取号:TS972.182.71/2] 在馆    
4 459366   230063367   中心书库中库/ 中库023架B面3列4层48/ [索取号:TS972.182.71/2] 在馆    
5 459367   230063368   中心书库中库/ 中库024架A面6列3层34/ [索取号:TS972.182.71/2] 在馆    
山东省滨州职业学院图书馆 欢迎您!
大连网信软件有限公司© 版权所有